[Event "Blondes - Brunettes"]
[Site "Moscow"]
[Date "2020.03.15"]
[Round "2.6"]
[White "Badelka, Olga"]
[Black "Shuvalova, Polina"]
[Result "0-1"]
[BlackElo "2319"]
[WhiteElo "2153"]
[LiveChessVersion "1.4.8"]

1. c4 {[%clk 0:03:03]} Nf6 {[%clk 0:03:03]} 2. Nc3 e6 3. e4 {[%clk 0:03:03]} d5
{[%clk 0:03:06]} 4. e5 {[%clk 0:03:04]} d4 {[%clk 0:03:05]} 5. exf6
{[%clk 0:03:05]} dxc3 {[%clk 0:03:07]} 6. bxc3 {[%clk 0:03:06]} Qxf6
{[%clk 0:03:08]} 7. d4 {[%clk 0:03:07]} b6 {[%clk 0:03:09]} 8. f3
{[%clk 0:03:02]} Nd7 {[%clk 0:02:59]} 9. Nh3 {[%clk 0:03:02]} h6 {[%clk 0:02:59]}
10. Bd3 {[%clk 0:02:52]} Bb7 {[%clk 0:03:00]} 11. O-O {[%clk 0:02:52]} Be7
{[%clk 0:02:59]} 12. Nf2 {[%clk 0:02:50]} O-O {[%clk 0:02:49]} 13. Bc2
{[%clk 0:02:12]} Rfd8 {[%clk 0:02:32]} 14. Ng4 {[%clk 0:02:13]} Qh4
{[%clk 0:02:24]} 15. Bf4 {[%clk 0:01:56]} Bd6 {[%clk 0:02:04]} 16. g3
{[%clk 0:01:07]} Qh5 {[%clk 0:02:04]} 17. Qd3 {[%clk 0:01:02]} Bxf4
{[%clk 0:01:52]} 18. Qh7+ {[%clk 0:00:56]} Kf8 {[%clk 0:01:53]} 19. gxf4
{[%clk 0:00:57]} f5 {[%clk 0:01:49]} 20. Ne5 {[%clk 0:00:42]} Nxe5
{[%clk 0:01:37]} 21. fxe5 {[%clk 0:00:43]} Kf7 {[%clk 0:01:12]} 22. d5
{[%clk 0:00:39]} Qg5+ {[%clk 0:01:05]} 23. Kh1 {[%clk 0:00:39]} Rh8
{[%clk 0:01:05]} 24. dxe6+ {[%clk 0:00:37]} Kxe6 {[%clk 0:01:03]} 25. Bxf5+
{[%clk 0:00:36]} Qxf5 {[%clk 0:00:50]} 26. Qxf5+ {[%clk 0:00:19]} Kxf5
{[%clk 0:00:51]} 27. Rad1 {[%clk 0:00:14]} Rad8 {[%clk 0:00:53]} 28. Kg1
{[%clk 0:00:13]} Kxe5 {[%clk 0:00:44]} 29. Rde1+ {[%clk 0:00:11]} Kf6
{[%clk 0:00:45]} 30. Re2 {[%clk 0:00:09]} Rhe8 {[%clk 0:00:45]} 31. Rfe1
{[%clk 0:00:09]} Rxe2 {[%clk 0:00:46]} 32. Rxe2 {[%clk 0:00:10]} Rd3
{[%clk 0:00:44]} 0-1

[Event "Blondes - Brunettes"]
[Site "Moscow"]
[Date "2020.03.15"]
[Round "2.7"]
[White "Obolentseva, Alexandra"]
[Black "Dordzhieva, Dinara"]
[Result "0-1"]
[BlackElo "2273"]
[WhiteElo "2113"]
[LiveChessVersion "1.4.8"]

1. d4 {[%clk 0:03:02]} Nf6 {[%clk 0:03:03]} 2. c4 {[%clk 0:03:03]} e6
{[%clk 0:03:04]} 3. Nc3 {[%clk 0:03:04]} Bb4 {[%clk 0:03:05]} 4. Qc2
{[%clk 0:03:05]} O-O {[%clk 0:03:01]} 5. Nf3 {[%clk 0:03:05]} d5 {[%clk 0:03:02]}
6. e3 {[%clk 0:02:53]} dxc4 {[%clk 0:02:26]} 7. Bxc4 c5 8. dxc5 {[%clk 0:02:49]}
Bxc5 {[%clk 0:02:25]} 9. O-O {[%clk 0:02:48]} a6 {[%clk 0:02:26]} 10. Bd3
{[%clk 0:02:46]} Nbd7 {[%clk 0:02:22]} 11. Ne4 {[%clk 0:02:33]} Be7
{[%clk 0:02:13]} 12. Rd1 {[%clk 0:02:25]} Qb6 {[%clk 0:02:03]} 13. b3
{[%clk 0:02:13]} Nxe4 {[%clk 0:01:54]} 14. Bxe4 {[%clk 0:02:14]} Nf6
{[%clk 0:01:55]} 15. Bb2 {[%clk 0:02:08]} Nxe4 {[%clk 0:01:04]} 16. Qxe4
{[%clk 0:02:08]} f6 {[%clk 0:01:00]} 17. Qc4 {[%clk 0:01:53]} Kh8
{[%clk 0:00:56]} 18. Bd4 {[%clk 0:01:54]} Qa5 {[%clk 0:00:56]} 19. Bc3
{[%clk 0:01:26]} Qh5 {[%clk 0:00:57]} 20. Rd4 {[%clk 0:01:16]} e5
{[%clk 0:00:44]} 21. Rh4 {[%clk 0:00:53]} Qg6 {[%clk 0:00:46]} 22. Bb4
{[%clk 0:00:43]} b5 {[%clk 0:00:15]} 23. Qc3 {[%clk 0:00:34]} Bxb4
{[%clk 0:00:14]} 24. Qxb4 {[%clk 0:00:34]} Bb7 {[%clk 0:00:13]} 25. Kh1
{[%clk 0:00:25]} Rac8 {[%clk 0:00:14]} 26. Rg4 {[%clk 0:00:23]} Qf5
{[%clk 0:00:13]} 27. Rg3 {[%clk 0:00:21]} Rg8 {[%clk 0:00:09]} 28. Qe7
{[%clk 0:00:18]} Bd5 {[%clk 0:00:06]} 29. Nh4 {[%clk 0:00:14]} Qh5
{[%clk 0:00:04]} 30. Rh3 {[%clk 0:00:13]} Bxg2+ {[%clk 0:00:03]} 31. Kxg2 Qg4+
32. Rg3 {[%clk 0:00:10]} Qxh4 {[%clk 0:00:06]} 33. Rg1 {[%clk 0:00:10]} Qe4+
{[%clk 0:00:06]} 34. Kh3 {[%clk 0:00:09]} Qf5+ {[%clk 0:00:07]} 35. Kg2 Qe4+ 36.
Kh3 {[%clk 0:00:09]} Qf5+ {[%clk 0:00:05]} 37. Kg2 {[%clk 0:00:10]} Rc2
{[%clk 0:00:04]} 38. Rf3 {[%clk 0:00:06]} Qg4+ {[%clk 0:00:05]} 39. Rg3 Qe4+ 40.
Rf3 {[%clk 0:00:07]} Qg4+ {[%clk 0:00:06]} 41. Rg3 {[%clk 0:00:08]} Qf5
{[%clk 0:00:07]} 42. Rf3 {[%clk 0:00:08]} Qe4 {[%clk 0:00:06]} 43. Kg3
{[%clk 0:00:07]} Qg6+ {[%clk 0:00:06]} 44. Kh3 {[%clk 0:00:08]} Qxg1
{[%clk 0:00:07]} 45. Rg3 {[%clk 0:00:08]} Qf1+ {[%clk 0:00:08]} 46. Kh4
{[%clk 0:00:09]} Qxf2 {[%clk 0:00:08]} 47. h3 {[%clk 0:00:08]} Qe1
{[%clk 0:00:04]} 48. Qf7 {[%clk 0:00:07]} Rg2 {[%clk 0:00:04]} 0-1

[Event "Blondes - Brunettes"]
[Site "Moscow"]
[Date "2020.03.15"]
[Round "2.8"]
[White "Fominykh, Maria"]
[Black "Guseva, Marina"]
[Result "1/2-1/2"]
[BlackElo "2259"]
[WhiteElo "2108"]
[LiveChessVersion "1.4.8"]

1. d4 {[%clk 0:03:03]} Nf6 {[%clk 0:03:03]} 2. c4 {[%clk 0:03:04]} e6
{[%clk 0:03:04]} 3. Nf3 {[%clk 0:03:03]} b6 {[%clk 0:03:02]} 4. g3
{[%clk 0:03:02]} Ba6 {[%clk 0:03:03]} 5. Qc2 {[%clk 0:03:03]} c5 {[%clk 0:03:03]}
6. Bg2 {[%clk 0:03:03]} Bb7 {[%clk 0:03:02]} 7. O-O {[%clk 0:02:52]} Be7
{[%clk 0:02:59]} 8. Rd1 {[%clk 0:02:51]} cxd4 {[%clk 0:02:54]} 9. Nxd4
{[%clk 0:02:50]} Bxg2 {[%clk 0:02:54]} 10. Kxg2 {[%clk 0:02:51]} a6
{[%clk 0:02:47]} 11. b3 {[%clk 0:02:47]} Qc7 {[%clk 0:02:48]} 12. Ba3
{[%clk 0:02:40]} Bxa3 {[%clk 0:02:24]} 13. Nxa3 {[%clk 0:02:40]} O-O
{[%clk 0:02:24]} 14. e4 {[%clk 0:02:27]} d6 {[%clk 0:02:23]} 15. Rd2
{[%clk 0:02:18]} Rc8 {[%clk 0:02:21]} 16. Rad1 {[%clk 0:02:12]} Ne8
{[%clk 0:02:17]} 17. Qd3 {[%clk 0:02:05]} Nd7 {[%clk 0:02:15]} 18. Qe2
{[%clk 0:01:59]} Ndf6 {[%clk 0:02:08]} 19. Nac2 {[%clk 0:01:55]} Qb7
{[%clk 0:02:07]} 20. f3 {[%clk 0:01:56]} h6 {[%clk 0:02:00]} 21. Ne3
{[%clk 0:01:45]} Rcb8 {[%clk 0:01:28]} 22. a4 {[%clk 0:01:28]} Rc8
{[%clk 0:01:28]} 23. Ndc2 {[%clk 0:00:57]} Rab8 {[%clk 0:01:24]} 24. Nb4
{[%clk 0:00:50]} Qa8 {[%clk 0:01:19]} 25. Nec2 {[%clk 0:00:43]} Rc5
{[%clk 0:01:03]} 26. Qe3 {[%clk 0:00:30]} Rbc8 {[%clk 0:00:56]} 27. Nd3
{[%clk 0:00:29]} R5c7 {[%clk 0:00:53]} 28. Rb1 {[%clk 0:00:16]} b5
{[%clk 0:00:50]} 29. axb5 {[%clk 0:00:08]} axb5 {[%clk 0:00:51]} 30. Ra1
{[%clk 0:00:04]} Qb7 {[%clk 0:00:50]} 31. Na3 {[%clk 0:00:05]} bxc4
{[%clk 0:00:47]} 32. bxc4 {[%clk 0:00:06]} Qa8 {[%clk 0:00:29]} 33. Rda2
{[%clk 0:00:06]} Ra7 {[%clk 0:00:29]} 34. Qe2 {[%clk 0:00:05]} Qb7
{[%clk 0:00:26]} 35. Nb5 {[%clk 0:00:03]} Rxa2 {[%clk 0:00:27]} 36. Qxa2
{[%clk 0:00:05]} Qb6 {[%clk 0:00:21]} 37. Rc1 {[%clk 0:00:05]} Nd7
{[%clk 0:00:08]} 38. Qf2 {[%clk 0:00:04]} Qa5 {[%clk 0:00:06]} 39. Nf4
{[%clk 0:00:05]} Ne5 {[%clk 0:00:05]} 40. Qe2 {[%clk 0:00:05]} Ra8
{[%clk 0:00:03]} 41. Rc2 {[%clk 0:00:05]} 1/2-1/2

[Event "Blondes - Brunettes"]
[Site "Moscow"]
[Date "2020.03.15"]
[Round "2.9"]
[White "Larina, Maria"]
[Black "Mirzoeva, Elmira"]
[Result "1-0"]
[BlackElo "2135"]
[WhiteElo "1776"]
[LiveChessVersion "1.4.8"]

1. e4 {[%clk 0:03:04]} d6 {[%clk 0:03:03]} 2. d4 {[%clk 0:03:04]} Nf6
{[%clk 0:03:04]} 3. f3 {[%clk 0:03:05]} e5 {[%clk 0:03:04]} 4. dxe5
{[%clk 0:03:06]} dxe5 {[%clk 0:03:05]} 5. Qxd8+ {[%clk 0:03:06]} Kxd8
{[%clk 0:03:06]} 6. Bc4 {[%clk 0:03:04]} Ke8 {[%clk 0:03:02]} 7. Nc3
{[%clk 0:02:46]} c6 {[%clk 0:03:00]} 8. a4 {[%clk 0:02:43]} Bb4 {[%clk 0:02:54]}
9. Bd2 {[%clk 0:02:43]} Nbd7 {[%clk 0:02:53]} 10. Nge2 {[%clk 0:02:41]} Nc5
{[%clk 0:02:50]} 11. O-O {[%clk 0:02:23]} Be6 {[%clk 0:02:47]} 12. Bxe6
{[%clk 0:02:19]} Nxe6 {[%clk 0:02:48]} 13. Rfd1 {[%clk 0:02:05]} Rd8
{[%clk 0:02:32]} 14. Be3 {[%clk 0:02:05]} Bc5 {[%clk 0:02:16]} 15. Bxc5
{[%clk 0:02:00]} Nxc5 {[%clk 0:02:16]} 16. Kf2 {[%clk 0:01:40]} Ke7
{[%clk 0:02:15]} 17. Ng3 {[%clk 0:01:41]} g6 {[%clk 0:02:14]} 18. Ke3
{[%clk 0:01:33]} Ne6 {[%clk 0:02:06]} 19. Nge2 {[%clk 0:01:32]} Nd7
{[%clk 0:02:00]} 20. b3 {[%clk 0:01:25]} Ndc5 {[%clk 0:01:46]} 21. g3
{[%clk 0:01:20]} h5 {[%clk 0:01:41]} 22. h4 {[%clk 0:01:18]} Rhg8
{[%clk 0:01:36]} 23. Rxd8 {[%clk 0:01:15]} Kxd8 {[%clk 0:01:22]} 24. Rd1+
{[%clk 0:01:15]} Ke7 {[%clk 0:01:21]} 25. f4 {[%clk 0:01:05]} Nd7
{[%clk 0:00:57]} 26. Na2 {[%clk 0:00:49]} Nf6 {[%clk 0:00:55]} 27. Nb4
{[%clk 0:00:36]} Nc5 {[%clk 0:00:49]} 28. Nd3 {[%clk 0:00:21]} exf4+
{[%clk 0:00:38]} 29. gxf4 {[%clk 0:00:22]} Nfxe4 {[%clk 0:00:38]} 30. b4
{[%clk 0:00:20]} Nxd3 {[%clk 0:00:37]} 31. Rxd3 {[%clk 0:00:15]} Nd6
{[%clk 0:00:36]} 32. Nd4 {[%clk 0:00:11]} Rd8 {[%clk 0:00:29]} 33. Nf3
{[%clk 0:00:08]} Nf5+ {[%clk 0:00:30]} 34. Ke4 {[%clk 0:00:08]} Rxd3
{[%clk 0:00:28]} 35. cxd3 {[%clk 0:00:06]} Ng3+ {[%clk 0:00:22]} 36. Kd4
{[%clk 0:00:06]} Kd6 {[%clk 0:00:21]} 37. Ng5 {[%clk 0:00:06]} Nf5+
{[%clk 0:00:21]} 38. Ke4 {[%clk 0:00:07]} f6 {[%clk 0:00:13]} 39. Nf3
{[%clk 0:00:07]} Ke6 {[%clk 0:00:14]} 40. d4 {[%clk 0:00:08]} Nd6+
{[%clk 0:00:15]} 41. Kd3 {[%clk 0:00:07]} Kd5 {[%clk 0:00:16]} 42. Nd2
{[%clk 0:00:07]} Nf5 {[%clk 0:00:14]} 43. Nf3 {[%clk 0:00:09]} b6
{[%clk 0:00:13]} 44. a5 {[%clk 0:00:06]} bxa5 {[%clk 0:00:12]} 45. bxa5 a6 46.
Nd2 {[%clk 0:00:06]} Nxh4 {[%clk 0:00:14]} 47. Ne4 {[%clk 0:00:07]} Nf5
{[%clk 0:00:13]} 48. Nxf6+ {[%clk 0:00:08]} Ke6 {[%clk 0:00:12]} 49. Ne4
{[%clk 0:00:08]} h4 {[%clk 0:00:10]} 50. Nc5+ {[%clk 0:00:09]} Kd6
{[%clk 0:00:09]} 51. Nxa6 {[%clk 0:00:10]} h3 {[%clk 0:00:10]} 52. Nc5
{[%clk 0:00:07]} Ng3 {[%clk 0:00:08]} 53. a6 {[%clk 0:00:08]} h2 54. a7 h1=Q
{[%clk 0:00:07]} 55. a8=Q {[%clk 0:00:10]} Qf3+ {[%clk 0:00:06]} 56. Kc4
{[%clk 0:00:10]} Qe2+ {[%clk 0:00:06]} 57. Kc3 {[%clk 0:00:09]} Qe3+
{[%clk 0:00:06]} 58. Kc4 {[%clk 0:00:11]} Qe2+ {[%clk 0:00:06]} 59. Kc3
{[%clk 0:00:12]} Qe1+ {[%clk 0:00:07]} 60. Kc4 {[%clk 0:00:13]} Qc1+
{[%clk 0:00:08]} 61. Kb4 {[%clk 0:00:13]} Qb1+ {[%clk 0:00:07]} 62. Kc4
{[%clk 0:00:14]} Qb5+ {[%clk 0:00:08]} 63. Kc3 {[%clk 0:00:15]} Qb1
{[%clk 0:00:05]} 64. Qd8# {[%clk 0:00:15]} 1-0

[Event "Blondes - Brunettes"]
[Site "Moscow"]
[Date "2020.03.15"]
[Round "2.10"]
[White "Zhukova, Natalia"]
[Black "Kosteniuk, Oksana"]
[Result "1-0"]
[BlackElo "1927"]
[WhiteElo "2423"]
[LiveChessVersion "1.4.8"]

1. c4 {[%clk 0:03:03]} c5 {[%clk 0:03:03]} 2. Nf3 {[%clk 0:03:03]} Nc6
{[%clk 0:03:05]} 3. d4 {[%clk 0:03:04]} d6 {[%clk 0:03:05]} 4. d5
{[%clk 0:03:05]} Nb8 {[%clk 0:02:55]} 5. e4 {[%clk 0:03:05]} e5 {[%clk 0:02:47]}
6. Nc3 {[%clk 0:03:04]} a6 {[%clk 0:02:41]} 7. Be2 {[%clk 0:03:01]} Bg4
{[%clk 0:02:37]} 8. Nd2 {[%clk 0:02:57]} Bxe2 {[%clk 0:02:36]} 9. Qxe2
{[%clk 0:02:58]} Ne7 {[%clk 0:02:26]} 10. O-O {[%clk 0:02:58]} Ng6
{[%clk 0:02:24]} 11. g3 {[%clk 0:02:45]} Be7 {[%clk 0:02:13]} 12. f4
{[%clk 0:02:46]} exf4 {[%clk 0:01:57]} 13. gxf4 {[%clk 0:02:47]} Nd7
{[%clk 0:01:22]} 14. Nf3 {[%clk 0:02:47]} Nh4 {[%clk 0:01:14]} 15. e5
{[%clk 0:02:35]} Nxf3+ {[%clk 0:00:46]} 16. Rxf3 {[%clk 0:02:36]} Qc7
{[%clk 0:00:26]} 17. exd6 {[%clk 0:02:18]} Qxd6 {[%clk 0:00:24]} 18. Ne4
{[%clk 0:02:19]} Qg6+ {[%clk 0:00:09]} 19. Rg3 {[%clk 0:02:20]} Qh6
{[%clk 0:00:06]} 20. d6 {[%clk 0:02:20]} Bxd6 {[%clk 0:00:03]} 21. Nxd6+
{[%clk 0:02:20]} Kf8 {[%clk 0:00:04]} 22. Nf5 {[%clk 0:02:11]} Qf6
{[%clk 0:00:03]} 23. Ne3 {[%clk 0:01:59]} Nb6 {[%clk 0:00:00]} 1-0

[Event "Blondes - Brunettes"]
[Site "Moscow"]
[Date "2020.03.15"]
[Round "3.1"]
[White "Kosteniuk, Alexandra"]
[Black "Danielian, Elina"]
[Result "0-1"]
[BlackElo "2262"]
[WhiteElo "2521"]
[LiveChessVersion "1.4.8"]

1. e4 {[%clk 0:03:02]} d6 {[%clk 0:03:04]} 2. d4 {[%clk 0:03:03]} Nf6
{[%clk 0:03:05]} 3. Nc3 c6 4. Nf3 {[%clk 0:03:05]} Bg4 {[%clk 0:03:07]} 5. Be2
{[%clk 0:03:05]} e6 {[%clk 0:03:09]} 6. O-O {[%clk 0:03:05]} d5 {[%clk 0:03:10]}
7. e5 {[%clk 0:02:53]} Nfd7 {[%clk 0:03:11]} 8. Ne1 {[%clk 0:02:38]} Bf5
{[%clk 0:03:11]} 9. g4 {[%clk 0:02:35]} Bg6 {[%clk 0:03:12]} 10. f4
{[%clk 0:02:37]} c5 {[%clk 0:03:00]} 11. f5 {[%clk 0:02:30]} cxd4
{[%clk 0:03:01]} 12. fxg6 {[%clk 0:02:31]} hxg6 {[%clk 0:03:02]} 13. Nb5
{[%clk 0:02:23]} Nc6 {[%clk 0:02:45]} 14. Nf3 {[%clk 0:02:18]} Ndxe5
{[%clk 0:01:20]} 15. Nxe5 {[%clk 0:02:15]} Nxe5 {[%clk 0:01:21]} 16. Bf4
{[%clk 0:02:10]} f6 {[%clk 0:00:48]} 17. Nxd4 {[%clk 0:02:08]} Qb6
{[%clk 0:00:42]} 18. Bb5+ {[%clk 0:01:45]} Kd8 {[%clk 0:00:37]} 19. c3
{[%clk 0:01:46]} Bc5 {[%clk 0:00:29]} 20. b4 {[%clk 0:01:41]} Be7
{[%clk 0:00:12]} 21. Qe2 {[%clk 0:01:33]} a6 {[%clk 0:00:08]} 22. Ba4
{[%clk 0:01:29]} Nc4 {[%clk 0:00:04]} 23. Be3 {[%clk 0:01:22]} Qd6
{[%clk 0:00:03]} 24. Nf3 {[%clk 0:01:05]} e5 {[%clk 0:00:03]} 25. Bc5
{[%clk 0:01:05]} Qc7 {[%clk 0:00:03]} 26. Bxe7+ {[%clk 0:00:58]} Kxe7
{[%clk 0:00:04]} 27. Rad1 {[%clk 0:00:49]} Rad8 {[%clk 0:00:05]} 28. Nd2
{[%clk 0:00:37]} Nb6 {[%clk 0:00:05]} 29. Bb3 {[%clk 0:00:33]} Qxc3
{[%clk 0:00:05]} 30. Rc1 {[%clk 0:00:28]} Qxb4 {[%clk 0:00:06]} 31. Rc7+
{[%clk 0:00:24]} Rd7 {[%clk 0:00:07]} 32. Rxd7+ {[%clk 0:00:25]} Kxd7
{[%clk 0:00:08]} 33. Rc1 {[%clk 0:00:22]} Qd4+ {[%clk 0:00:05]} 34. Qf2
{[%clk 0:00:22]} Qxf2+ 35. Kxf2 {[%clk 0:00:23]} Rxh2+ {[%clk 0:00:06]} 36. Ke3
{[%clk 0:00:23]} d4+ {[%clk 0:00:07]} 37. Kd3 {[%clk 0:00:24]} f5
{[%clk 0:00:08]} 38. Nc4 {[%clk 0:00:13]} Nxc4 {[%clk 0:00:07]} 39. Kxc4
{[%clk 0:00:13]} Kd6 {[%clk 0:00:06]} 40. gxf5 {[%clk 0:00:13]} gxf5
{[%clk 0:00:08]} 41. Rg1 {[%clk 0:00:14]} b5+ {[%clk 0:00:08]} 42. Kb4
{[%clk 0:00:16]} e4 {[%clk 0:00:05]} 43. Rxg7 {[%clk 0:00:07]} d3
{[%clk 0:00:06]} 44. Kc3 {[%clk 0:00:08]} a5 {[%clk 0:00:07]} 45. Rg6+
{[%clk 0:00:05]} Ke5 {[%clk 0:00:05]} 46. Re6+ {[%clk 0:00:05]} Kf4
{[%clk 0:00:06]} 47. Kd4 {[%clk 0:00:04]} a4 {[%clk 0:00:06]} 48. Bd1
{[%clk 0:00:04]} Rxa2 {[%clk 0:00:07]} 49. Rh6 {[%clk 0:00:05]} Ra1
{[%clk 0:00:07]} 50. Rh4+ {[%clk 0:00:04]} Kg3 51. Rh1 b4 {[%clk 0:00:07]} 52.
Ke3 {[%clk 0:00:07]} f4+ {[%clk 0:00:08]} 53. Kxe4 {[%clk 0:00:08]} b3
{[%clk 0:00:09]} 54. Kxd3 {[%clk 0:00:08]} a3 {[%clk 0:00:08]} 55. Ke2
{[%clk 0:00:04]} f3+ {[%clk 0:00:08]} 56. Ke3 {[%clk 0:00:05]} f2
{[%clk 0:00:09]} 57. Kd2 {[%clk 0:00:03]} b2 {[%clk 0:00:10]} 0-1

[Event "Blondes - Brunettes"]
[Site "Moscow"]
[Date "2020.03.15"]
[Round "3.2"]
[White "Goryachkina, Aleksandra"]
[Black "Girya, Olga"]
[Result "1-0"]
[BlackElo "2250"]
[WhiteElo "2441"]
[LiveChessVersion "1.4.8"]

1. Nf3 {[%clk 0:03:02]} d5 {[%clk 0:03:03]} 2. g3 {[%clk 0:03:02]} Bg4
{[%clk 0:03:03]} 3. Bg2 {[%clk 0:03:02]} c6 {[%clk 0:03:04]} 4. O-O
{[%clk 0:03:01]} Nf6 {[%clk 0:03:03]} 5. h3 {[%clk 0:03:01]} Bh5 {[%clk 0:02:59]}
6. c4 {[%clk 0:02:50]} e6 {[%clk 0:02:52]} 7. d4 {[%clk 0:02:39]} Nbd7
{[%clk 0:02:52]} 8. cxd5 {[%clk 0:02:38]} exd5 {[%clk 0:02:46]} 9. Nc3
{[%clk 0:02:34]} Bxf3 {[%clk 0:02:37]} 10. exf3 {[%clk 0:02:34]} Be7
{[%clk 0:02:38]} 11. h4 {[%clk 0:02:33]} O-O {[%clk 0:02:38]} 12. Bh3
{[%clk 0:02:33]} Ne8 {[%clk 0:02:25]} 13. Qd3 {[%clk 0:02:31]} Nd6
{[%clk 0:02:25]} 14. b3 {[%clk 0:02:31]} Re8 {[%clk 0:02:17]} 15. Bd2
{[%clk 0:02:30]} Bf8 {[%clk 0:01:48]} 16. Rae1 {[%clk 0:02:30]} Qc7
{[%clk 0:01:34]} 17. Nd1 {[%clk 0:02:10]} Nb6 {[%clk 0:01:21]} 18. Ne3
{[%clk 0:02:04]} Re7 {[%clk 0:01:01]} 19. Kg2 {[%clk 0:02:02]} Rae8
{[%clk 0:00:55]} 20. Bb4 {[%clk 0:01:48]} Nbc8 {[%clk 0:00:56]} 21. Bxc8
{[%clk 0:01:23]} Rxc8 {[%clk 0:00:25]} 22. Bxd6 {[%clk 0:01:23]} Qxd6
{[%clk 0:00:16]} 23. Nf5 {[%clk 0:01:24]} Qd7 {[%clk 0:00:17]} 24. Nxe7+
{[%clk 0:01:24]} Bxe7 {[%clk 0:00:18]} 25. Re2 {[%clk 0:01:22]} Bf8
{[%clk 0:00:18]} 26. Rfe1 {[%clk 0:01:23]} g6 {[%clk 0:00:07]} 27. h5
{[%clk 0:01:21]} b6 {[%clk 0:00:06]} 28. hxg6 {[%clk 0:01:19]} hxg6
{[%clk 0:00:07]} 29. f4 {[%clk 0:01:19]} c5 {[%clk 0:00:07]} 30. dxc5
{[%clk 0:01:12]} bxc5 {[%clk 0:00:08]} 31. f5 {[%clk 0:01:05]} gxf5
{[%clk 0:00:03]} 32. Re5 {[%clk 0:01:05]} d4 {[%clk 0:00:03]} 33. Qxf5
{[%clk 0:01:01]} Qc6+ {[%clk 0:00:03]} 34. Qf3 {[%clk 0:01:01]} Qxf3+
{[%clk 0:00:03]} 35. Kxf3 {[%clk 0:01:02]} c4 {[%clk 0:00:05]} 36. Re8
{[%clk 0:00:46]} Rxe8 37. Rxe8 {[%clk 0:00:47]} c3 {[%clk 0:00:03]} 38. Ke2
{[%clk 0:00:47]} Kg7 {[%clk 0:00:04]} 39. Kd3 {[%clk 0:00:47]} 1-0

[Event "Blondes - Brunettes"]
[Site "Moscow"]
[Date "2020.03.15"]
[Round "3.3"]
[White "Bodnaruk, Anastasia"]
[Black "Kovalevskaya, Ekaterina"]
[Result "0-1"]
[BlackElo "2243"]
[WhiteElo "2415"]
[LiveChessVersion "1.4.8"]

1. e4 {[%clk 0:03:03]} c5 {[%clk 0:03:03]} 2. Nc3 {[%clk 0:03:04]} Nc6
{[%clk 0:03:03]} 3. Bb5 {[%clk 0:03:01]} Nd4 {[%clk 0:03:02]} 4. Bc4
{[%clk 0:03:02]} a6 {[%clk 0:02:59]} 5. a4 {[%clk 0:03:01]} e6 {[%clk 0:02:59]}
6. Nge2 {[%clk 0:02:37]} Nf6 {[%clk 0:03:00]} 7. d3 {[%clk 0:02:26]} d5
{[%clk 0:02:54]} 8. exd5 {[%clk 0:02:24]} exd5 {[%clk 0:02:54]} 9. Ba2
{[%clk 0:02:25]} Be7 {[%clk 0:02:33]} 10. Nxd4 {[%clk 0:02:14]} cxd4
{[%clk 0:02:33]} 11. Ne2 {[%clk 0:02:15]} Qb6 {[%clk 0:02:27]} 12. O-O
{[%clk 0:02:07]} O-O {[%clk 0:02:26]} 13. Bb3 {[%clk 0:01:56]} Bd6
{[%clk 0:01:54]} 14. a5 {[%clk 0:01:40]} Qc5 {[%clk 0:01:47]} 15. h3
{[%clk 0:01:31]} Be6 {[%clk 0:01:29]} 16. Ra4 {[%clk 0:01:27]} Bd7
{[%clk 0:01:22]} 17. Rxd4 {[%clk 0:01:16]} Qxa5 {[%clk 0:01:20]} 18. Bg5
{[%clk 0:01:16]} Be5 {[%clk 0:00:57]} 19. Bxf6 {[%clk 0:01:14]} Bxf6
{[%clk 0:00:56]} 20. Rxd5 {[%clk 0:01:12]} Qc7 {[%clk 0:00:54]} 21. Qd2
{[%clk 0:00:36]} Be6 {[%clk 0:00:44]} 22. Ra5 {[%clk 0:00:35]} Bxb3
{[%clk 0:00:43]} 23. cxb3 {[%clk 0:00:36]} Rfd8 {[%clk 0:00:37]} 24. b4
{[%clk 0:00:26]} Qd6 {[%clk 0:00:32]} 25. Ra3 {[%clk 0:00:24]} Be7
{[%clk 0:00:29]} 26. Rb3 {[%clk 0:00:19]} Qe6 {[%clk 0:00:23]} 27. Ra3
{[%clk 0:00:17]} Qd6 {[%clk 0:00:24]} 28. Rb3 {[%clk 0:00:07]} Qe6
{[%clk 0:00:25]} 29. Qc2 {[%clk 0:00:07]} Rac8 {[%clk 0:00:23]} 30. Nc3
{[%clk 0:00:07]} Bd6 {[%clk 0:00:11]} 31. b5 {[%clk 0:00:06]} Qe5
{[%clk 0:00:10]} 32. g3 {[%clk 0:00:06]} axb5 {[%clk 0:00:10]} 33. Qd2
{[%clk 0:00:04]} b4 {[%clk 0:00:08]} 34. Ne4 {[%clk 0:00:06]} Qe6
{[%clk 0:00:09]} 35. Nxd6 {[%clk 0:00:05]} Rxd6 {[%clk 0:00:09]} 36. Rxb4
{[%clk 0:00:05]} Qxh3 {[%clk 0:00:10]} 37. Rh4 {[%clk 0:00:06]} Qf5
{[%clk 0:00:10]} 38. d4 {[%clk 0:00:06]} Rcd8 {[%clk 0:00:11]} 39. Rd1
{[%clk 0:00:06]} g6 {[%clk 0:00:12]} 40. Rf4 {[%clk 0:00:06]} Qd5
{[%clk 0:00:10]} 41. Rh4 {[%clk 0:00:07]} h5 {[%clk 0:00:11]} 42. Rf4
{[%clk 0:00:04]} Qe6 {[%clk 0:00:11]} 43. b4 {[%clk 0:00:05]} Qd7
{[%clk 0:00:10]} 44. Re4 {[%clk 0:00:05]} Rd5 {[%clk 0:00:09]} 45. Qe3
{[%clk 0:00:05]} Qd6 {[%clk 0:00:09]} 46. Re7 {[%clk 0:00:05]} Qxb4
{[%clk 0:00:08]} 47. Rc7 {[%clk 0:00:04]} Rxd4 {[%clk 0:00:07]} 48. Rxd4
{[%clk 0:00:05]} Qxd4 {[%clk 0:00:08]} 49. Qe7 {[%clk 0:00:06]} Qd1+
{[%clk 0:00:09]} 50. Kh2 {[%clk 0:00:07]} Qd5 {[%clk 0:00:09]} 51. Rxb7
{[%clk 0:00:06]} Rf8 {[%clk 0:00:11]} 52. Rb2 {[%clk 0:00:05]} Qf5
{[%clk 0:00:12]} 53. Re2 {[%clk 0:00:04]} Kg7 {[%clk 0:00:13]} 54. Qe5+
{[%clk 0:00:04]} Qxe5 55. Rxe5 Rd8 56. Kg2 {[%clk 0:00:07]} Rd3 {[%clk 0:00:17]}
57. Rc5 {[%clk 0:00:07]} Ra3 {[%clk 0:00:17]} 58. Rc7 {[%clk 0:00:08]} g5
{[%clk 0:00:18]} 59. Rb7 {[%clk 0:00:07]} Kg6 {[%clk 0:00:19]} 60. Rb8
{[%clk 0:00:06]} Ra4 {[%clk 0:00:19]} 61. Rb6+ {[%clk 0:00:05]} f6
{[%clk 0:00:20]} 62. Rb8 {[%clk 0:00:07]} h4 {[%clk 0:00:21]} 63. gxh4
{[%clk 0:00:07]} Rxh4 {[%clk 0:00:22]} 64. Kg3 {[%clk 0:00:08]} Rc4
{[%clk 0:00:22]} 65. f3 {[%clk 0:00:09]} Rc5 {[%clk 0:00:20]} 66. Rb6
{[%clk 0:00:10]} Kf5 {[%clk 0:00:20]} 67. Ra6 {[%clk 0:00:11]} Rd5
{[%clk 0:00:20]} 68. Rb6 {[%clk 0:00:12]} Rd3 {[%clk 0:00:21]} 69. Rb5+
{[%clk 0:00:13]} Kg6 {[%clk 0:00:22]} 70. Rb6 {[%clk 0:00:12]} Ra3
{[%clk 0:00:21]} 71. Rc6 {[%clk 0:00:13]} Re3 {[%clk 0:00:16]} 72. Rb6
{[%clk 0:00:14]} Kf7 {[%clk 0:00:17]} 73. Rb5 {[%clk 0:00:12]} Re5
{[%clk 0:00:15]} 74. Rb6 {[%clk 0:00:11]} f5 {[%clk 0:00:14]} 75. Ra6
{[%clk 0:00:09]} Re6 {[%clk 0:00:15]} 76. Ra7+ {[%clk 0:00:09]} Kg6
{[%clk 0:00:16]} 77. Ra5 {[%clk 0:00:10]} Re3 {[%clk 0:00:15]} 78. Kf2
{[%clk 0:00:11]} Rb3 {[%clk 0:00:16]} 79. Rc5 {[%clk 0:00:09]} f4
{[%clk 0:00:14]} 80. Rc2 {[%clk 0:00:06]} Rb5 {[%clk 0:00:13]} 81. Ra2
{[%clk 0:00:07]} Kf5 {[%clk 0:00:13]} 82. Rc2 {[%clk 0:00:06]} g4
{[%clk 0:00:13]} 83. fxg4+ {[%clk 0:00:06]} Kxg4 {[%clk 0:00:14]} 84. Ra2
{[%clk 0:00:07]} Rb3 {[%clk 0:00:14]} 85. Ra8 {[%clk 0:00:06]} Rb2+
{[%clk 0:00:15]} 86. Kf1 {[%clk 0:00:06]} Kg3 {[%clk 0:00:16]} 87. Rg8+
{[%clk 0:00:05]} Kf3 {[%clk 0:00:17]} 88. Kg1 {[%clk 0:00:06]} Rb1+
{[%clk 0:00:17]} 89. Kh2 {[%clk 0:00:08]} Kf2 {[%clk 0:00:17]} 90. Rg2+
{[%clk 0:00:05]} Ke3 {[%clk 0:00:17]} 91. Ra2 {[%clk 0:00:05]} Rd1
{[%clk 0:00:17]} 92. Ra3+ {[%clk 0:00:04]} Rd3 {[%clk 0:00:16]} 93. Ra8
{[%clk 0:00:04]} Rd2+ {[%clk 0:00:16]} 94. Kg1 {[%clk 0:00:05]} Rd1+
{[%clk 0:00:15]} 95. Kg2 {[%clk 0:00:05]} f3+ {[%clk 0:00:15]} 96. Kh2
{[%clk 0:00:00]} 0-1